000 00239nam a22000857a 4500
008 160624b xxu||||| |||| 00| 0 eng d
100 _91071
_aPalmer, B
245 _aFrosty Poberts and the Golden Jade Mystery
260 _aChicago
_b Moody Press
_c1975
999 _c857
_d857